000 00865na a2200277 4500
001 19869
003 MIRAKIL
005 20181213155110.0
008 161228b tu 000 0
020 _a9757135437
040 _aMilas
_btur
_cTR-AnCHP
041 _atur
082 _a324.64956413
_bK29y 2004
090 _a324.64956413 K29y 2004
100 _aKaya, Kamil
245 _aYerel seçimler
_bseçmen davranışını etkileyen faktörler (Isparta örneği)
_cKamil Kaya
246 _aSeçmen davranışını etkileyen faktörler
260 _aIsparta
_bFakülte Kitabevi Yayınları
_c2004
300 _a165 s.
_btbl.
_c20 sm.
440 _aFakülte Kitabevi Yayınları
_v51
490 _aSosyoloji dizisi
_v8
504 _aKaynakça var.
650 _aSeçmenler
_zIsparta
650 _aYerel seçimler
_xSeçmen davranışı
942 _2ddc
_cBKS
999 _c6520
_d6520